000 00923 a2200241 4500
999 _c1602
_d1602
020 _a0797420169
050 0 0 _aHD982 ISS 1999
100 _aCaldwell, Wayne
_eeditor
245 0 0 _aIssues and responses :
_bland use planning in eastern and southern Africa /
_cWayne Caldwell, editor.
264 _a Harare
_bWeaver Press
_c1999
300 _aviii, 292 p. :
_bill., maps ;
440 _aEnvironmental round table series
500 _a"University of Guelph."
500 _a"Environmental Capacity Enhancement Project"--P. facing t.p. verso.
504 _aIncludes bibliographical references and index.
650 0 _aLand use
_xPlanning.
650 0 _aLand use
_xPlanning.
700 1 _aCaldwell, Wayne
_q(Wayne Joseph),
_d1957-
710 2 _aUniversity of Guelph.
710 2 _aEnvironmental Capacity Enhancement Project.
942 _2lcc
_cBK
_h982
_iISS
_kHD